书目信息 |
| 题名: |
农畜解剖与生理学
|
|
| 作者: | ;广东省仲愷农业学校 主编 | |
| 分册: | ||
| 出版信息: | 北京 农业出版社 1958 |
|
| 页数: | 364页 | |
| 开本: | 21cm | |
| 丛书名: | ||
| 单 册: | ||
| 中图分类: | S852.1 | |
| 科图分类: | ||
| 主题词: | 兽医学:动物解剖学:生理学 , 动物解剖学:兽医学:生理学 , 生理学:动物解剖学:兽医学 , 兽医学 | |
| 电子资源: | ||
| ISBN: | ||
| 000 | 00856nam0 2200277 45 980 | |
| 001 | 0631969975 | |
| 005 | 20060731091720.98 | |
| 010 | @dCNY1.15 | |
| 091 | @a16144.280 | |
| 100 | @a19970519d1958 em y0chiy0121 ea | |
| 101 | 0 | @achi |
| 102 | @aCN@b110000 | |
| 105 | @aaf z 000yy | |
| 106 | @ar | |
| 200 | 10 | @a农畜解剖与生理学@Anong chu jie pou yu sheng li xue@f广东省仲愷农业学校主编@Fguang dong sheng zhong kai nong ye xue xiao zhu bian |
| 210 | @a北京@c农业出版社@d1958 | |
| 215 | @a364页@c图,表@d21cm | |
| 300 | @a中等农业学校试用教科书 | |
| 606 | @a兽医学:动物解剖学:生理学 | |
| 606 | @a动物解剖学:兽医学:生理学 | |
| 606 | @a生理学:动物解剖学:兽医学 | |
| 606 | 0 | @a兽医学 |
| 690 | @aS852.1@v3 | |
| 711 | 0 | @a广东省仲愷农业学校@Aguang dong sheng zhong kai nong ye xue xiao@4主编 |
| 801 | 0 | @c20060731 |
| 905 | @a10447@dS852.1@e29 | |
| 农畜解剖与生理学/广东省仲愷农业学校主编.-北京:农业出版社,1958 |
| 364页:图,表;21cm |
| 中等农业学校试用教科书 |
| ISBN :CNY1.15 |
| ● |
| 相关链接 |
|
|
|
|
正题名:农畜解剖与生理学
索取号:S852.1/29
 
预约/预借
| 序号 | 登录号 | 条形码 | 馆藏地/架位号 | 状态 | 备注 |
| 1 | 0439072 | 204390729 | 密集书库/ [索取号:S852.1/29] | 在馆 |